000 00644nam a22002057a 4500
005 20251108164721.0
008 250721s1981 xx 000 0 ara d
082 1 4 _a811.909624/بدو
100 1 _aبدوي، عبده
_eمؤلف
245 1 0 _aالشعر في السودان /
264 1 _aالكويت :
_bالمجلس الوطني للثقافة و الفنون و الآداب،
_c1981.
300 _a300ص
490 0 _aعالم المعرفة
650 1 7 _aالشعر العربي
650 1 7 _aالتاريخ الأدبي
650 1 7 _aالنقد الأدبي
650 1 7 _aالسودان
942 _2ddc
_cBK
999 _c12607
_d12607